[Event "Australian Reserves"]
[Site "Adelaide"]
[Date "2003.12.30"]
[Round "2.10"]
[White "Pleskot, Sylvia"]
[Black "Tsagarakis, Angelo"]
[Result "0-1"]
[WhiteElo "1726"]
[BlackElo "1889"]
[PlyCount "92"]
[EventDate "2003.12.29"]
[EventType "swiss"]
[EventRounds "11"]
[EventCountry "AUS"]

1. d4 Nf6 2. c4 e5 3. dxe5 Ng4 4. Nf3 Bc5 5. e3 Nc6 6. Be2 O-O 7. O-O Ngxe5 8.
b3 Nxf3+ 9. Bxf3 Qf6 10. Ba3 Qxa1 11. Bxc5 d6 12. Qd2 Qf6 13. Ba3 Ne5 14. Be4
Bf5 15. Nc3 Bxe4 16. Nxe4 Qg6 17. Ng3 h5 18. Qd4 Qg4 19. Qd5 h4 20. h3 Qe6 21.
Ne2 Qxd5 22. cxd5 Rfe8 23. Rc1 Rac8 24. Nd4 a6 25. Nf5 Ng6 26. Rc4 b5 27. Rc2
f6 28. Kf1 Kf8 29. Nd4 Kf7 30. Nf5 Ne7 31. Nxe7 Kxe7 32. Ke2 Kd7 33. Rd2 f5 34.
Kf3 Re4 35. g4 hxg3 36. fxg3 Rce8 37. Rd3 g5 38. Bc1 g4+ 39. hxg4 fxg4+ 40. Kg2
c5 41. dxc6+ Kxc6 42. Ba3 Rxe3 43. Rxd6+ Kc7 44. Rxa6 Re2+ 45. Kf1 Re1+ 46. Kf2
R8e2# 0-1

[Event "Australian Reserves"]
[Site "Adelaide"]
[Date "2003.12.30"]
[Round "2.11"]
[White "Lindberg, Gordon"]
[Black "McColl, Kevin"]
[Result "1-0"]
[WhiteElo "1690"]
[BlackElo "1881"]
[PlyCount "53"]
[EventDate "2003.12.29"]
[EventType "swiss"]
[EventRounds "11"]
[EventCountry "AUS"]

1. e4 d6 2. d4 Nf6 3. Nc3 g6 4. Be3 c6 5. Qd2 b5 6. Bd3 Nbd7 7. Nf3 a6 8. h3
Bb7 9. e5 dxe5 10. dxe5 Nd5 11. Nxd5 cxd5 12. e6 fxe6 13. Ng5 e5 14. Ne6 Qc8
15. Nxf8 Nxf8 16. Bh6 Ne6 17. O-O Qc5 18. Be2 Qd4 19. Qa5 Kf7 20. Bg4 Nf4 21.
Rfe1 Kf6 22. Bxf4 Qxf4 23. Qb6+ Kg5 24. Qxb7 Rhf8 25. Qxe7+ Kh6 26. Qh4+ Kg7
27. Qg3 1-0

[Event "Australian Reserves"]
[Site "Adelaide"]
[Date "2003.12.30"]
[Round "2.12"]
[White "Flitney, Adrian"]
[Black "Ly, Moulthun"]
[Result "1-0"]
[WhiteElo "1876"]
[BlackElo "1646"]
[PlyCount "51"]
[EventDate "2003.12.29"]
[EventType "swiss"]
[EventRounds "11"]
[EventCountry "AUS"]

1. e4 d5 2. exd5 Qxd5 3. Nc3 Qa5 4. d4 Nf6 5. Nf3 c6 6. Bc4 Bf5 7. Ne5 e6 8. g4
Bg6 9. Bd2 Qc7 10. Qe2 Bd6 11. h4 Bxe5 12. dxe5 Nd5 13. Bxd5 exd5 14. h5 Bxc2
15. Rc1 d4 16. Rxc2 dxc3 17. Bxc3 Qe7 18. h6 gxh6 19. Rxh6 Qg5 20. Rh5 Qg6 21.
e6 O-O 22. e7 Re8 23. Rd2 Na6 24. Rd6 f6 25. Bxf6 h6 26. Rxh6 1-0

[Event "Australian Reserves"]
[Site "Adelaide"]
[Date "2003.12.30"]
[Round "2.13"]
[White "Escribano, Jose"]
[Black "Silas, Frank"]
[Result "0-1"]
[WhiteElo "1573"]
[BlackElo "1843"]
[PlyCount "90"]
[EventDate "2003.12.29"]
[EventType "swiss"]
[EventRounds "11"]
[EventCountry "AUS"]

1. e4 e5 2. Nf3 Nc6 3. Bb5 a6 4. Ba4 Nf6 5. d3 b5 6. Bb3 Bc5 7. Nc3 d6 8. h3
Be6 9. Bg5 h6 10. Be3 Nd4 11. Nd5 Nxb3 12. Nxf6+ Qxf6 13. axb3 O-O 14. O-O g5
15. Nh2 Qg6 16. Bxc5 dxc5 17. Ng4 f6 18. Qe2 h5 19. Nh2 g4 20. hxg4 hxg4 21.
Qe3 Rf7 22. Qg3 Rg7 23. f4 gxf3 24. Qxg6 Rxg6 25. Nxf3 Kg7 26. Nh4 Rg4 27. Nf5+
Bxf5 28. Rxf5 a5 29. Kf2 c4 30. Kf3 Rg6 31. bxc4 bxc4 32. dxc4 Kf7 33. Rh5 Ke6
34. Ra4 Rag8 35. Rh2 Rg3+ 36. Kf2 R3g4 37. Rxa5 Rf4+ 38. Kg1 Rxe4 39. Ra6+ Kf5
40. Rh6 Re2 41. Rhxf6+ Ke4 42. Rg6 Rxg6 43. Rxg6 Rxc2 44. Rc6 Kd3 45. Rd6+ cxd6
0-1

[Event "Australian Reserves"]
[Site "Adelaide"]
[Date "2003.12.30"]
[Round "2.14"]
[White "Holt, Kenneth P"]
[Black "Obst, James"]
[Result "0-1"]
[WhiteElo "1835"]
[BlackElo "1539"]
[PlyCount "104"]
[EventDate "2003.12.29"]
[EventType "swiss"]
[EventRounds "11"]
[EventCountry "AUS"]

1. c4 e5 2. Nc3 Nf6 3. g3 g6 4. Bg2 d6 5. Nf3 Bg7 6. d4 exd4 7. Nxd4 O-O 8. O-O
c6 9. Bf4 Nh5 10. Be3 a5 11. Qd2 Na6 12. Bh6 Nc5 13. Bxg7 Nxg7 14. Rad1 Qe7 15.
Rfe1 Nge6 16. b3 Ng5 17. Nf3 Nge4 18. Nxe4 Nxe4 19. Qe3 Re8 20. Nd2 Nc5 21.
Qxe7 Rxe7 22. Nf1 a4 23. Rxd6 axb3 24. Rd8+ Kg7 25. axb3 Nxb3 26. Bh3 f5 27. g4
Rd7 28. Rxd7+ Bxd7 29. Rd1 Be6 30. gxf5 gxf5 31. Ne3 Kf6 32. f4 Nc5 33. Kf2 Ra4
34. Kf3 Ne4 35. Rd8 Ra5 36. Rh8 Nd2+ 37. Kf2 Nxc4 38. Nxc4 Bxc4 39. Rxh7 Bf7
40. Rh6+ Ke7 41. Bg2 Ra4 42. e3 Ra2+ 43. Kg3 Re2 44. Kf3 Rc2 45. Kg3 b5 46.
Bxc6 b4 47. Ba4 Ra2 48. Bd1 Rd2 49. Ba4 b3 50. Rb6 b2 51. Rb7+ Kd8 52. Bd7 Bd5
0-1

[Event "Australian Reserves"]
[Site "Adelaide"]
[Date "2003.12.30"]
[Round "2.15"]
[White "Lutley, Philip"]
[Black "Pengelley, Justin"]
[Result "0-1"]
[WhiteElo "1484"]
[BlackElo "1834"]
[PlyCount "82"]
[EventDate "2003.12.29"]
[EventType "swiss"]
[EventRounds "11"]
[EventCountry "AUS"]

1. e4 d5 2. exd5 Qxd5 3. Nc3 Qd6 4. d4 Nf6 5. Nf3 a6 6. g3 Nc6 7. Bg2 Bg4 8.
Bf4 Qd7 9. O-O O-O-O 10. Be5 Qf5 11. Qe2 Bxf3 12. Bxf3 Nxd4 13. Bxd4 Rxd4 14.
Rad1 Rxd1 15. Rxd1 e6 16. Rd4 Qa5 17. Bg2 Bb4 18. Qf3 c6 19. Rc4 Bxc3 20. Rxc3
Qd5 21. Qe3 Qd1+ 22. Bf1 Nd5 23. Qa7 Nxc3 24. Qa8+ Kc7 25. Qxh8 Ne4 26. Qxg7
Nd2 27. Qe5+ Kd7 28. Qd4+ Ke7 29. Qh4+ Ke8 30. Qh3 Qxc2 31. g4 Qd1 32. a3 c5
33. Qg2 Nf3+ 34. Kh1 b5 35. Qh3 Nd2 36. Kg1 c4 37. g5 a5 38. g6 hxg6 39. Qh8+
Ke7 40. Qh4+ f6 41. Qh7+ Kd6 0-1

[Event "Australian Reserves"]
[Site "Adelaide"]
[Date "2003.12.30"]
[Round "2.16"]
[White "Kramer, Warren"]
[Black "Safarian, Alek"]
[Result "0-1"]
[WhiteElo "1331"]
[BlackElo "1899"]
[PlyCount "68"]
[EventDate "2003.12.29"]
[EventType "swiss"]
[EventRounds "11"]
[EventCountry "AUS"]

1. e4 c5 2. Nf3 d6 3. b4 Nf6 4. Bb5+ Bd7 5. Bxd7+ Qxd7 6. d3 g6 7. bxc5 dxc5 8.
Bb2 Bg7 9. O-O O-O 10. Nbd2 Nc6 11. Nc4 Rfd8 12. Nce5 Nxe5 13. Nxe5 Qc7 14. Rb1
Nxe4 15. f4 f5 16. Qe2 Nd6 17. Qf3 Re8 18. Qg3 c4 19. Ba3 a6 20. Bxd6 exd6 21.
Nxc4 b5 22. Nb2 Qxc2 23. Rfc1 Qd2 24. Rd1 Qb4 25. Nc4 Qc5+ 26. Kh1 bxc4 27.
dxc4 Rab8 28. Rxb8 Rxb8 29. Qd3 Qd4 30. Qe2 Qe4 31. Qxe4 fxe4 32. g3 e3 33. Re1
Bd4 34. Re2 Rb2 0-1

[Event "Australian Reserves"]
[Site "Adelaide"]
[Date "2003.12.30"]
[Round "2.17"]
[White "Peters, Duncan"]
[Black "Ghobrial, Adel"]
[Result "1-0"]
[WhiteElo "1887"]
[BlackElo "1570"]
[PlyCount "63"]
[EventDate "2003.12.29"]
[EventType "swiss"]
[EventRounds "11"]
[EventCountry "AUS"]

1. e4 c5 2. c3 Nf6 3. e5 Nd5 4. d4 cxd4 5. cxd4 e6 6. Nc3 Nxc3 7. bxc3 d6 8.
Nf3 Be7 9. Bd3 Nd7 10. O-O O-O 11. Qe2 d5 12. h4 h6 13. g4 Bxh4 14. Kg2 Bg5 15.
Bxg5 hxg5 16. Rh1 g6 17. Rh2 Kg7 18. Rah1 Rg8 19. Qe3 f6 20. Rh7+ Kf8 21. Nxg5
Nxe5 22. dxe5 f5 23. Rf7+ Ke8 24. Bb5+ Bd7 25. Bxd7+ Qxd7 26. Rxd7 Kxd7 27.
Rh7+ Kc6 28. Nxe6 b6 29. Rc7+ Kb5 30. Nd4+ Ka4 31. c4 b5 32. Qb3+ 1-0

[Event "Australian Reserves"]
[Site "Adelaide"]
[Date "2003.12.30"]
[Round "2.18"]
[White "Harp, Joel"]
[Black "Forace, Lee"]
[Result "1-0"]
[WhiteElo "1845"]
[BlackElo "1592"]
[PlyCount "57"]
[EventDate "2003.12.29"]
[EventType "swiss"]
[EventRounds "11"]
[EventCountry "AUS"]

1. d4 d5 2. c4 e6 3. Nc3 c6 4. e3 Nf6 5. Nf3 Be7 6. Bd3 O-O 7. O-O Nbd7 8. Qc2
dxc4 9. Bxc4 Qc7 10. e4 e5 11. Rd1 exd4 12. Nxd4 Ne5 13. Bf1 Rd8 14. Nce2 Nfg4
15. Bf4 Bd6 16. h3 Nf6 17. Rac1 Qe7 18. Bg5 h6 19. Be3 Ng6 20. Nc3 Bf4 21. Bxf4
Nxf4 22. e5 N6d5 23. Nxd5 Nxd5 24. Re1 Be6 25. Nxe6 Qxe6 26. Qe4 Ne7 27. Bd3
Ng6 28. Bc4 Qe8 29. Qxg6 1-0

[Event "Australian Reserves"]
[Site "Adelaide"]
[Date "2003.12.31"]
[Round "3.2"]
[White "Stead, Kerry"]
[Black "Frost, Peter"]
[Result "1/2-1/2"]
[WhiteElo "1935"]
[BlackElo "1743"]
[PlyCount "151"]
[EventDate "2003.12.29"]
[EventType "swiss"]
[EventRounds "11"]
[EventCountry "AUS"]

1. c4 Nf6 2. g3 e6 3. Bg2 c5 4. e4 d6 5. Ne2 Be7 6. d4 cxd4 7. Nxd4 O-O 8. Nc3
a6 9. O-O Qc7 10. Qe2 Re8 11. Be3 Bf8 12. h3 Nc6 13. Rac1 Ne5 14. b3 Bd7 15.
Rfd1 Rac8 16. f4 Ng6 17. Nf3 Qb8 18. a4 b5 19. cxb5 axb5 20. Nd2 bxa4 21. Nxa4
Bb5 22. Qf2 d5 23. e5 Nd7 24. Nc3 Ba6 25. Ne2 Qb4 26. Nd4 Nc5 27. Bf1 Nd3 28.
Bxd3 Bxd3 29. N2f3 Ba6 30. h4 Ne7 31. g4 Rxc1 32. Rxc1 Rc8 33. Rxc8 Bxc8 34.
Qc2 Qb7 35. Ne1 Bd7 36. f5 Nc6 37. Nxc6 Qxc6 38. Qxc6 Bxc6 39. Kf2 exf5 40.
gxf5 Bd7 41. f6 gxf6 42. exf6 Bd6 43. Bd4 Bf5 44. Ke3 h6 45. Nd3 Bg3 46. Nf4
Bb1 47. b4 Bxh4 48. Nxd5 Bg5+ 49. Kf3 Bd3 50. Nc7 Kh7 51. Nd5 Bd2 52. Be3 Bxe3
53. Kxe3 Bf1 54. Ne7 h5 55. Kf4 Kh6 56. Kf5 h4 57. Kg4 h3 58. Kg3 Bg2 59. b5
Kg5 60. Ng8 Kf5 61. b6 Ke6 62. Kh2 Kf5 63. Kg1 Ke6 64. Kf2 Kf5 65. Kg3 Ke6 66.
b7 Bxb7 67. Kxh3 Kf5 68. Kh4 Bf3 69. Kg3 Bb7 70. Kf2 Ba6 71. Ke3 Ke5 72. Kd2
Bb7 73. Kc3 Be4 74. Kc4 Bh7 75. Nh6 Kxf6 76. Nxf7 1/2-1/2

[Event "Australian Reserves"]
[Site "Adelaide"]
[Date "2003.12.31"]
[Round "3.3"]
[White "Tsagarakis, Angelo"]
[Black "Guthrie, Aaron"]
[Result "1-0"]
[WhiteElo "1889"]
[BlackElo "1927"]
[PlyCount "70"]
[EventDate "2003.12.29"]
[EventType "swiss"]
[EventRounds "11"]
[EventCountry "AUS"]

1. d4 d5 2. Nf3 Nf6 3. Bf4 e6 4. h3 Be7 5. e3 O-O 6. Nbd2 c5 7. c3 b6 8. Qa4
Bb7 9. Bd3 a6 10. O-O b5 11. Qc2 Nbd7 12. a4 b4 13. cxb4 cxb4 14. Bc7 Qe8 15.
Rfc1 Rc8 16. Qb3 Nb8 17. Ne5 Nfd7 18. Nef3 Nc6 19. Bf4 Na5 20. Qd1 Nc6 21. Qe2
Ra8 22. Nb3 f6 23. e4 Bd8 24. Bd6 Be7 25. exd5 exd5 26. Rxc6 Bxc6 27. Bxe7 Rf7
28. Bd6 Qxe2 29. Bxe2 a5 30. Nc5 Nb6 31. b3 Nc8 32. Bg3 Ne7 33. Bd3 h6 34. Re1
Ra7 35. Re6 Ba8 1-0

[Event "Australian Reserves"]
[Site "Adelaide"]
[Date "2003.12.31"]
[Round "3.4"]
[White "Silas, Frank"]
[Black "Dizdarevic, Mehmedalija"]
[Result "0-1"]
[WhiteElo "1843"]
[BlackElo "1917"]
[PlyCount "66"]
[EventDate "2003.12.29"]
[EventType "swiss"]
[EventRounds "11"]
[EventCountry "AUS"]

1. Nf3 Nf6 2. b3 g6 3. Bb2 Bg7 4. e4 d6 5. Be2 O-O 6. d3 c6 7. Nbd2 Nbd7 8. Nf1
Qb6 9. Ne3 a5 10. a4 Ng4 11. Bxg7 Nxe3 12. fxe3 Kxg7 13. Qd2 Nf6 14. h3 e5 15.
g4 Be6 16. Rf1 Qc7 17. Ng5 Qe7 18. Bf3 Nd7 19. Nxe6+ fxe6 20. O-O-O b5 21. axb5
cxb5 22. h4 Qxh4 23. Qg2 Qg5 24. Rde1 b4 25. Rh1 Rf7 26. Rh3 Nf8 27. Kb2 a4 28.
d4 axb3 29. cxb3 Rfa7 30. Qh1 Ra2+ 31. Kb1 Qd8 32. Be2 Qa5 33. Bc4 Rd2 0-1

[Event "Australian Reserves"]
[Site "Adelaide"]
[Date "2003.12.31"]
[Round "3.5"]
[White "Hare, Tim"]
[Black "Lindberg, Gordon"]
[Result "1-0"]
[WhiteElo "1915"]
[BlackElo "1690"]
[PlyCount "35"]
[EventDate "2003.12.29"]
[EventType "swiss"]
[EventRounds "11"]
[EventCountry "AUS"]

1. Nf3 c5 2. c4 Nf6 3. g3 d5 4. cxd5 Nxd5 5. Bg2 Nc6 6. Nc3 g6 7. O-O Bg7 8.
Qb3 Nb6 9. d3 O-O 10. Qb5 c4 11. dxc4 Be6 12. Rd1 Bxc3 13. Rxd8 Rfxd8 14. bxc3
Rd1+ 15. Bf1 Bh3 16. Bb2 Rad8 17. Nd4 Nxd4 18. cxd4 1-0

[Event "Australian Reserves"]
[Site "Adelaide"]
[Date "2003.12.31"]
[Round "3.6"]
[White "Pengelley, Justin"]
[Black "Pyke, Malcolm L"]
[Result "0-1"]
[WhiteElo "1834"]
[BlackElo "1914"]
[PlyCount "80"]
[EventDate "2003.12.29"]
[EventType "swiss"]
[EventRounds "11"]
[EventCountry "AUS"]

1. e4 c5 2. Nf3 d6 3. c3 Nf6 4. d3 Nc6 5. Be2 g6 6. O-O Bg7 7. Nbd2 O-O 8. d4
Bg4 9. d5 Nb8 10. h3 Bxf3 11. Bxf3 Na6 12. a4 Nc7 13. Nc4 Rb8 14. Qd3 Nd7 15.
Bf4 Ne5 16. Nxe5 dxe5 17. Be3 b6 18. Be2 f5 19. f3 Ne8 20. Rfb1 Nd6 21. a5 Qc7
22. axb6 axb6 23. Ra6 Ra8 24. Rba1 Qb7 25. Rxa8 Rxa8 26. Rxa8+ Qxa8 27. Qb1
fxe4 28. fxe4 Qa4 29. Bd3 c4 30. b3 cxb3 31. Bxb6 Qa2 32. Be3 Qxb1+ 33. Bxb1
Nc4 34. Bc5 Kf8 35. Kf2 h6 36. Bd3 Nb2 37. Bb5 Nd1+ 38. Ke1 Nxc3 39. d6 exd6
40. Bc4 b2 0-1

[Event "Australian Reserves"]
[Site "Adelaide"]
[Date "2003.12.31"]
[Round "3.7"]
[White "Obst, James"]
[Black "Dragicevic, Domagoj"]
[Result "1/2-1/2"]
[WhiteElo "1539"]
[BlackElo "1895"]
[PlyCount "142"]
[EventDate "2003.12.29"]
[EventType "swiss"]
[EventRounds "11"]
[EventCountry "AUS"]

1. e4 c5 2. Nc3 Nc6 3. f4 g6 4. Nf3 Bg7 5. Bb5 Nd4 6. O-O e6 7. e5 Ne7 8. a4 a6
9. Bd3 d5 10. Nxd4 cxd4 11. Ne2 O-O 12. c3 Nc6 13. Qb3 dxc3 14. bxc3 Re8 15.
Nd4 f6 16. Nxc6 bxc6 17. exf6 Bxf6 18. Ba3 Be7 19. Rae1 Bd7 20. Bxe7 Qxe7 21.
f5 Qc5+ 22. Kh1 Rab8 23. Qc2 exf5 24. g4 Rf8 25. gxf5 Bxf5 26. Bxf5 gxf5 27.
Rxf5 Qd6 28. d4 Kh8 29. Ref1 Rg8 30. Rf6 Qd7 31. Qe2 Qh3 32. Rf7 Rbe8 33. Qf2
Qe6 34. Qf6+ Qxf6 35. R7xf6 Rc8 36. Rd6 Rg7 37. a5 Kg8 38. Rff6 Re8 39. Rde6
Rb8 40. h4 Rg4 41. Rxc6 Rb2 42. Rc8+ Kg7 43. Rxa6 Rxh4+ 44. Kg1 Rg4+ 45. Kf1
Rf4+ 46. Ke1 Re4+ 47. Kd1 Re7 48. Rb6 Ra2 49. a6 Rf7 50. Ke1 h5 51. Rcc6 h4 52.
Rg6+ Kf8 53. Rb8+ Ke7 54. Rb7+ Kf8 55. Rxf7+ Kxf7 56. Rh6 h3 57. Rxh3 Rxa6 58.
Rh7+ Ke8 59. Ke2 Ra2+ 60. Kf3 Kd8 61. Kf4 Rc2 62. Ke5 Rxc3 63. Kxd5 Ra3 64. Ke5
Ra2 65. d5 Ra6 66. Rh4 Kd7 67. Rh7+ Ke8 68. Rg7 Rb6 69. Rg8+ Kd7 70. Ra8 Rh6
71. Kd4 Rh1 1/2-1/2

[Event "Australian Reserves"]
[Site "Adelaide"]
[Date "2003.12.31"]
[Round "3.8"]
[White "Campbell, Paul"]
[Black "Cowley, Robert G"]
[Result "0-1"]
[WhiteElo "1282"]
[BlackElo "2022"]
[PlyCount "98"]
[EventDate "2003.12.29"]
[EventType "swiss"]
[EventRounds "11"]
[EventCountry "AUS"]

1. e4 c6 2. d4 d5 3. Nc3 dxe4 4. Nxe4 Bf5 5. Nc5 e5 6. Bd3 Bxd3 7. Qxd3 Bxc5 8.
dxc5 Nd7 9. Qg3 Ngf6 10. Ne2 O-O 11. O-O Ne4 12. Qh3 Nexc5 13. Ng3 Qf6 14. f4
exf4 15. Rxf4 Qe6 16. Rf5 Ne4 17. Bf4 Nxg3 18. Bxg3 g6 19. Rf3 Qxh3 20. gxh3
Rfe8 21. Raf1 f5 22. h4 Nf6 23. Bf4 Re4 24. Bg5 Nd5 25. c3 Rae8 26. h5 b5 27.
h4 Re1 28. Rxe1 Rxe1+ 29. Kg2 Re2+ 30. Rf2 Rxf2+ 31. Kxf2 Kf7 32. Kf3 gxh5 33.
Bh6 c5 34. a3 c4 35. Bg5 Ke6 36. Bf4 Nxf4 37. Kxf4 Kf6 38. Kf3 Ke5 39. Ke3 f4+
40. Kf3 Kf5 41. Kf2 Kg4 42. Kg2 Kxh4 43. Kf3 Kg5 44. Kf2 Kg4 45. Kg2 f3+ 46.
Kf2 Kf4 47. Kf1 Ke3 48. Ke1 f2+ 49. Kf1 h4 0-1

[Event "Australian Reserves"]
[Site "Adelaide"]
[Date "2003.12.31"]
[Round "3.10"]
[White "Sonter, Matthew"]
[Black "Peters, Duncan"]
[Result "1/2-1/2"]
[WhiteElo "1794"]
[BlackElo "1887"]
[PlyCount "58"]
[EventDate "2003.12.29"]
[EventType "swiss"]
[EventRounds "11"]
[EventCountry "AUS"]

1. e4 d5 2. exd5 Nf6 3. Bb5+ Bd7 4. Bc4 b5 5. Bb3 a5 6. a3 Bg4 7. Nf3 a4 8. Ba2
Nxd5 9. Nc3 c6 10. d4 e6 11. Bxd5 exd5 12. Qd3 Bd6 13. O-O O-O 14. Ne2 Qc7 15.
Ng3 f5 16. h3 Bxf3 17. Qxf3 f4 18. Ne2 Nd7 19. Bd2 Nb6 20. Nc1 Nc4 21. Bc3 Rae8
22. Nd3 Re7 23. Rfe1 Rfe8 24. Rxe7 Rxe7 25. Re1 Rxe1+ 26. Bxe1 Qe7 27. Qg4 Nxb2
28. Qc8+ Kf7 29. Qf5+ Ke8 1/2-1/2

[Event "Australian Reserves"]
[Site "Adelaide"]
[Date "2004.01.02"]
[Round "4.1"]
[White "Pyke, Malcolm L"]
[Black "Lip, Michael"]
[Result "1/2-1/2"]
[WhiteElo "1914"]
[BlackElo "1964"]
[PlyCount "28"]
[EventDate "2003.12.29"]
[EventType "swiss"]
[EventRounds "11"]
[EventCountry "AUS"]

1. Nf3 c6 2. d4 g6 3. c4 Nf6 4. Nc3 d5 5. Bf4 Bg7 6. e3 O-O 7. Rc1 Ne4 8. Bd3
Nxc3 9. bxc3 Qa5 10. Qd2 Nd7 11. cxd5 cxd5 12. c4 Qxd2+ 13. Kxd2 dxc4 14. Bxc4
Nf6 1/2-1/2

[Event "Australian Reserves"]
[Site "Adelaide"]
[Date "2004.01.02"]
[Round "4.2"]
[White "Dizdarevic, Mehmedalija"]
[Black "Hare, Tim"]
[Result "1/2-1/2"]
[WhiteElo "1917"]
[BlackElo "1915"]
[PlyCount "106"]
[EventDate "2003.12.29"]
[EventType "swiss"]
[EventRounds "11"]
[EventCountry "AUS"]

1. e4 c5 2. Nf3 e6 3. d4 cxd4 4. Nxd4 Bc5 5. Nb3 Bb6 6. Bd3 Ne7 7. Qg4 O-O 8.
Nc3 Nbc6 9. Qg3 Bc7 10. f4 f5 11. e5 a6 12. Be3 b6 13. O-O-O Bb7 14. Bc4 Qe8
15. Qf2 b5 16. Be2 Nb4 17. Bc5 Nbd5 18. Bf3 Nxc3 19. bxc3 Bxf3 20. Qxf3 Nd5 21.
Bxf8 Qxf8 22. Rxd5 exd5 23. Qxd5+ Kh8 24. Qxd7 Ba5 25. Qd6 Bxc3 26. Rd1 Bb4 27.
Qxf8+ Bxf8 28. Rd5 Kg8 29. Nd4 g6 30. Rd7 Bc5 31. Kd2 Rc8 32. c3 b4 33. c4 Bxd4
34. Rxd4 Kf7 35. Kd3 Ke7 36. Rd6 a5 37. Kd4 a4 38. Rb6 Rd8+ 39. Ke3 Rd1 40.
Rxb4 Re1+ 41. Kf2 Re4 42. Kf3 a3 43. Ra4 h6 44. Ra7+ Ke6 45. Ra6+ Ke7 46. Rxa3
Rxc4 47. Rb3 g5 48. fxg5 hxg5 49. Re3 Ke6 50. h3 Ra4 51. Re2 Ra3+ 52. Kf2 f4
53. Kg1 Rc3 1/2-1/2

[Event "Australian Reserves"]
[Site "Adelaide"]
[Date "2004.01.02"]
[Round "4.3"]
[White "Cowley, Robert G"]
[Black "Tsagarakis, Angelo"]
[Result "1-0"]
[WhiteElo "2022"]
[BlackElo "1889"]
[PlyCount "59"]
[EventDate "2003.12.29"]
[EventType "swiss"]
[EventRounds "11"]
[EventCountry "AUS"]

1. e4 Nc6 2. Nf3 d6 3. d4 Nf6 4. Nc3 g6 5. d5 Ne5 6. Nxe5 dxe5 7. Bg5 h6 8. Be3
a6 9. Be2 Bg7 10. Qd2 e6 11. O-O-O exd5 12. exd5 Qd6 13. f4 e4 14. g4 Nxg4 15.
Nxe4 Qe7 16. Bc5 Qh4 17. Rde1 f5 18. Bxg4 fxe4 19. Rxe4+ Kf7 20. Re7+ Kg8 21.
Bxc8 Rxc8 22. Rhe1 Bf6 23. d6 Qh5 24. R1e5 Bxe7 25. Qd5+ Kf8 26. dxe7+ Ke8 27.
Rxh5 gxh5 28. Qe6 Ra8 29. f5 b6 30. Bd4 1-0

[Event "Australian Reserves"]
[Site "Adelaide"]
[Date "2004.01.02"]
[Round "4.4"]
[White "Fry, Peter"]
[Black "Stead, Kerry"]
[Result "1/2-1/2"]
[WhiteElo "1696"]
[BlackElo "1935"]
[PlyCount "129"]
[EventDate "2003.12.29"]
[EventType "swiss"]
[EventRounds "11"]
[EventCountry "AUS"]

1. b3 e5 2. Bb2 d6 3. e3 f5 4. d4 e4 5. d5 Nf6 6. Ne2 c5 7. Nf4 a6 8. a4 b6 9.
h4 Qe7 10. Be2 g6 11. Nd2 Bb7 12. Nc4 Nbd7 13. g4 fxg4 14. Bxg4 Nxg4 15. Qxg4
Ne5 16. Qe6 Nxc4 17. Bxh8 Ne5 18. Rd1 Nf3+ 19. Ke2 Bc8 20. Qxe7+ Bxe7 21. Ne6
Kf7 22. h5 g5 23. Bb2 Bxe6 24. dxe6+ Kxe6 25. c4 b5 26. axb5 axb5 27. Ra1 Rb8
28. Rab1 Rf8 29. Ra1 bxc4 30. bxc4 Bf6 31. Bxf6 Rxf6 32. Ra6 Ne5 33. Ra7 h6 34.
Ra4 Kf5 35. Rd1 Kg4 36. Rh1 Nd3 37. Rh2 Nb2 38. Ra8 Nxc4 39. Rg8 Ne5 40. Rc8
Nf3 41. Rh1 Nh4 42. Re8 Kxh5 43. Rxe4 Kg6 44. f4 Nf5 45. Rg1 Ng7 46. fxg5 hxg5
47. Reg4 Ne6 48. Rd1 Nc7 49. e4 Re6 50. Kf3 Nb5 51. Rd5 Re5 52. Rxe5 dxe5 53.
Rg1 Nd4+ 54. Kg4 Nb5 55. Rd1 Kf6 56. Rf1+ Ke6 57. Kxg5 Nd4 58. Rc1 Nb3 59. Rf1
Nd4 60. Rc1 Nb3 61. Rc2 Kd6 62. Kf6 Nd4 63. Rc1 Nf3 64. Rd1+ Nd4 65. Rc1
1/2-1/2

[Event "Australian Reserves"]
[Site "Adelaide"]
[Date "2004.01.02"]
[Round "4.5"]
[White "Dragicevic, Domagoj"]
[Black "Frost, Peter"]
[Result "1-0"]
[WhiteElo "1895"]
[BlackElo "1743"]
[PlyCount "93"]
[EventDate "2003.12.29"]
[EventType "swiss"]
[EventRounds "11"]
[EventCountry "AUS"]

1. e4 e6 2. d3 d5 3. Nd2 Nf6 4. g3 c5 5. Ngf3 Nc6 6. Bg2 Be7 7. O-O O-O 8. e5
Nd7 9. Re1 b5 10. Nf1 Qb6 11. h4 a5 12. h5 a4 13. h6 g6 14. a3 f6 15. exf6 Nxf6
16. Bh3 Nd4 17. Nxd4 cxd4 18. Qe2 e5 19. Bxc8 Raxc8 20. Qxe5 Rfe8 21. Bg5 Bd8
22. Qf4 Rf8 23. Bxf6 Rxf6 24. Qd2 Qc6 25. Re2 Rf5 26. Nh2 Bg5 27. f4 Bxh6 28.
Nf3 Bg7 29. Rae1 Rff8 30. Ng5 Rfe8 31. Ne6 Qd7 32. Qb4 Bh8 33. Kg2 Re7 34. Nxd4
Rxe2+ 35. Rxe2 Re8 36. Rxe8+ Qxe8 37. Qxb5 Qxb5 38. Nxb5 Bxb2 39. Kf3 Kf7 40.
Ke3 Ke6 41. c4 dxc4 42. dxc4 Kf5 43. c5 Ke6 44. c6 h5 45. Ke4 Ba1 46. c7 Kd7
47. Kd5 1-0

[Event "Australian Reserves"]
[Site "Adelaide"]
[Date "2004.01.02"]
[Round "4.6"]
[White "Harp, Joel"]
[Black "Obst, James"]
[Result "1-0"]
[WhiteElo "1845"]
[BlackElo "1539"]
[PlyCount "145"]
[EventDate "2003.12.29"]
[EventType "swiss"]
[EventRounds "11"]
[EventCountry "AUS"]

1. d4 Nf6 2. c4 g6 3. Nc3 d5 4. cxd5 Nxd5 5. Bd2 Bg7 6. e4 Nxc3 7. Bxc3 c5 8.
d5 O-O 9. Nf3 Re8 10. Be2 e6 11. d6 e5 12. Qd5 Nd7 13. O-O Rb8 14. a4 b6 15.
Bc4 Nf6 16. Qd3 Nh5 17. g3 a5 18. Rad1 Bg4 19. Qe3 Bh6 20. Qxh6 Bxf3 21. Qe3
Bxd1 22. Rxd1 Nf6 23. Qf3 Kg7 24. Bd2 Rb7 25. Bg5 h6 26. d7 hxg5 27. dxe8=Q
Qxe8 28. Bb5 Qe6 29. Qd3 Qh3 30. f3 g4 31. Rf1 Nh5 32. Qd5 gxf3 33. Rxf3 Re7
34. Bc4 Nf4 35. Qd2 Qg4 36. Rf1 Nh3+ 37. Kg2 Qxe4+ 38. Kxh3 Qxc4 39. Qf2 f5 40.
Ra1 Qd5 41. Ra3 Kf6 42. Rf3 e4 43. Re3 g5 44. Kg2 Rd7 45. Re2 e3+ 46. Qf3 f4
47. gxf4 gxf4 48. Rxe3 Qxf3+ 49. Rxf3 Ke5 50. h4 Ke4 51. h5 Rg7+ 52. Kf2 Rh7
53. Rh3 c4 54. h6 f3 55. Rh4+ Kd3 56. Kxf3 Rf7+ 57. Kg4 Kc2 58. Kg5 Kxb2 59.
Rxc4 Kb3 60. Rh4 Rc7 61. Kf5 Rh7 62. Ke5 b5 63. axb5 Rb7 64. h7 Rxb5+ 65. Kd6
Rb8 66. h8=Q Rxh8 67. Rxh8 a4 68. Kc5 a3 69. Rh3+ Kb2 70. Kb4 a2 71. Rh2+ Kb1
72. Kb3 a1=N+ 73. Kc3 1-0

[Event "Australian Reserves"]
[Site "Adelaide"]
[Date "2004.01.02"]
[Round "4.7"]
[White "Malik, Hani"]
[Black "Yachou, Nur"]
[Result "1-0"]
[WhiteElo "1946"]
[BlackElo "1764"]
[PlyCount "67"]
[EventDate "2003.12.29"]
[EventType "swiss"]
[EventRounds "11"]
[EventCountry "AUS"]

1. e4 c5 2. Nf3 d6 3. d4 cxd4 4. Nxd4 Nf6 5. Nc3 a6 6. Bg5 e6 7. f4 b5 8. Bd3
Nbd7 9. Qf3 Bb7 10. O-O-O Rc8 11. Kb1 Qb6 12. Nce2 Be7 13. g4 g6 14. Bh6 e5 15.
Nb3 a5 16. Rhf1 a4 17. Nd2 exf4 18. Qxf4 Rg8 19. g5 d5 20. gxf6 Bd6 21. Qh4 b4
22. exd5 Bxd5 23. Nc4 Bxc4 24. Bxc4 Qc5 25. Rd5 Qc7 26. Qe4+ Kd8 27. Rfd1 Re8
28. Qd3 Qxc4 29. Rxd6 Qxd3 30. R1xd3 Rxe2 31. Rxd7+ Ke8 32. h4 Rc6 33. Bg5
Rcxc2 34. Re7+ 1-0